| 000 | 00434nam a2200133Ia 4500 | ||
|---|---|---|---|
| 008 | 170221s9999 xx 000 0 und d | ||
| 100 | _aKyle Rozema | ||
| 245 | _aModifying RAND Commitments to Better Price Patents in the Standards Setting Context | ||
| 245 | _cKyle Rozema | ||
| 260 | _c2014 | ||
| 300 | _a14 : 1 | ||
| 650 | _xBusiness | ||
| 856 | _uhttp://digitalcommons.pepperdine.edu/cgi/viewcontent.cgi?article=1086&context=jbel | ||
| 999 |
_c311547 _d311547 |
||